Score 0/20 Timer 03:00
2 Plays Today
Scrambled Word Answer % Correct
PEJEJEEP
99.6%
DORFFORD
99.2%
LVVOOVOLVO
96.8%
AASBSAAB
96.3%
ZAMADMAZDA
94.7%
EXULSLEXUS
94.5%
TATOOYTOYOTA
94.3%
ADHNOHONDA
92.8%
Common Theme:Car Brands
91.5%
DEGDODODGE
89.2%
Scrambled Word Answer % Correct
RBUUASSUBARU
87%
UAIDAUDI
85.4%
SAOLKVEWNGVOLKSWAGEN
83.8%
CUBKIBUICK
83%
ANNISSNISSAN
81.4%
HVOELCERTCHEVROLET
79.9%
ERFARIRFERRARI
79.3%
LSERHCRYCHRYSLER
76.1%
CUAARACURA
72.6%
ETGEUPOPEUGEOT
53.6%

You're not logged in!

Compare scores with friends on all Sporcle quizzes.
OR
Log In

Sporcle TV

Today on Sporcle TV


Watch our educational content, quiz creation guides, and fun videos on Sporcle TV.

Show Comments

Extras

Top Quizzes Today


Score Distribution

Your Account Isn't Verified!

In order to create a playlist on Sporcle, you need to verify the email address you used during registration. Go to your Sporcle Settings to finish the process.

Report this User

Report this user for behavior that violates our Community Guidelines.

Details: